[Event "TCh-FIN SM-Liiga 2011-12"]
[Site "Helsinki FIN"]
[Date "2012.03.11"]
[Round "11.2"]
[White "Hurme,H"]
[Black "Holmsten,A"]
[Result "1/2-1/2"]
[WhiteElo "2258"]
[BlackElo "2350"]

1.d4 Nf6 2.c4 g6 3.Nc3 d5 4.cxd5 Nxd5 5.e4 Nxc3 6.bxc3 Bg7 7.Bc4 O-O 8.Ne2 c5
9.O-O Qc7 10.Bf4 e5 11.dxe5 Bxe5 12.Bxe5 Qxe5 13.Bd5 Nc6 14.h3 Be6 15.f4 Qd6
16.c4 Rad8 17.Rb1 Rfe8 18.f5 gxf5 19.Qd2 Qe5 20.Rxb7 fxe4 21.Qf4 Bxd5 22.cxd5 Qxf4
23.Rxf4 Ne5 24.Rxe4 Rxd5 25.Rxa7 f5 26.Rh4 Nf3+ 27.gxf3 Rxe2 28.Kf1 Rh2 29.Ke1 Re5+
30.Kf1 Rd5 31.Ke1 Re5+ 32.Kf1 Ree2 33.Rhxh7 Rhf2+ 34.Kg1 Rg2+ 35.Kh1 Rh2+
36.Kg1 Reg2+ 37.Kf1 Rf2+ 38.Kg1 Rfg2+ 39.Kf1 Rb2 40.Kg1 Rhc2 41.Rhg7+ Kf8
42.Kh1 c4 43.Raf7+ Ke8 44.Rc7 Rb1+ 45.Rg1 Rxg1+ 46.Kxg1 Kd8 47.Rc5 c3 48.Kf1 Ke7
49.Ke1 Kf6 50.Kd1 Rd2+ 51.Ke1 Rc2 52.Kd1 Rd2+ 53.Ke1 Rxa2 54.Rxc3 Kg5 55.Rc4 Rh2
56.Kf1 f4 57.h4+ Rxh4 58.Rc5+ Kf6 59.Ke2 Rh3 60.Kd3 Rxf3+ 61.Ke4 Rf1 62.Rf5+ Ke6
63.Rxf4 Rxf4+ 64.Kxf4  1/2-1/2

[Event "TCh-FIN SM-Liiga 2011-12"]
[Site "Helsinki FIN"]
[Date "2012.03.11"]
[Round "11.7"]
[White "Manninen,A"]
[Black "Fieandt,J"]
[Result "1-0"]
[WhiteElo "2071"]
[BlackElo "2186"]

1.d4 Nf6 2.c4 g6 3.Nc3 d5 4.cxd5 Nxd5 5.e4 Nxc3 6.bxc3 Bg7 7.Bc4 c5 8.Ne2 Nc6
9.Be3 O-O 10.O-O Bg4 11.f3 Bd7 12.dxc5 Qc7 13.Qc2 Ne5 14.Bb3 Bb5 15.Rfd1 Nd7
16.Nf4 e6 17.Bxe6 fxe6 18.Nxe6 Qa5 19.Nxg7 Kxg7 20.Bd4+ Kg8 21.Qb3+ Rf7 22.a4 Bc6
23.Qb4 Qc7 24.Bf2 Qe5 25.Rd6 Qg5 26.Kh1 Re8 27.Bd4 Qd2 28.Bg1 Qe2 29.Qb3 Rxe4
30.Rxc6 bxc6 31.fxe4 Qxe4 32.Rf1 Qe7 33.Bd4 Kf8 34.Rxf7+ Qxf7 35.Qxf7+ Kxf7
36.Kg1 Ke6 37.Kf2 Kd5 38.Ke3 Kc4 39.Kf4 h6 40.h4 a5 41.g4 Kb3 42.h5 gxh5
43.gxh5 Kxa4 44.Kf5 Kb3 45.Ke6 Nb8 46.Bg7 a4 47.Bxh6 a3 48.c4 Na6 49.Bg7 Nxc5+
50.Ke7 Ne4 51.h6 Ng5 52.Kf6  1-0

[Event "Reykjavik Open"]
[Site "Reykjavik ISL"]
[Date "2012.03.11"]
[Round "6.40"]
[White "Bjarnason,S"]
[Black "Doggers,P"]
[Result "1/2-1/2"]
[WhiteElo "2092"]
[BlackElo "2265"]

1.d4 Nf6 2.c4 g6 3.Nc3 d5 4.cxd5 Nxd5 5.e4 Nxc3 6.bxc3 Bg7 7.Nf3 c5 8.Be2 Nc6
9.Be3 Bg4 10.e5 Qa5 11.O-O O-O 12.Qb3 Rab8 13.Rfd1 cxd4 14.cxd4 Qb4 15.Rab1 Qxb3
16.Rxb3 Rfd8 17.Kf1 Be6 18.Rb2 f6 19.exf6 exf6 20.Rc1 g5 21.Bc4 Kf7 22.d5 Rxd5
23.Bxd5 Bxd5 24.Nd4 Ne5 25.Rc7+ Kg6 26.Rbc2 Rd8 27.f3 h5 28.Nb3 b5 29.Nd2 a5
30.Bb6 Re8 31.Bf2 Nc4 32.Nxc4 Bxc4+ 33.Kg1 Rd8 34.Be1 a4 35.Bd2 Bf8 36.Rc6 h4
37.Bc3 Rd1+ 38.Kf2 Bd6 39.g3 hxg3+ 40.hxg3 Be7 41.g4 Bd5 42.Rc8 b4 43.Be1 b3
44.axb3 axb3 45.Rd2 Rxe1 46.Kxe1 Bb4 47.Rb8 Bxd2+ 48.Kxd2 Bxf3 49.Rxb3 Bxg4
50.Ke3 f5 51.Rb4 Kh5 52.Kf2 f4 53.Rb6 Bd1 54.Rf6 Kh4 55.Rh6+ Kg4 56.Rh8 Bc2
57.Rg8 Bb3 58.Rb8 Be6 59.Rb6 Bf5 60.Rb5 Be4 61.Re5  1/2-1/2

[Event "ch-Moscow Final 2012"]
[Site "Moscow RUS"]
[Date "2012.03.12"]
[Round "3"]
[White "Dragomarezkij,E"]
[Black "Belous,V"]
[Result "0-1"]
[WhiteElo "2411"]
[BlackElo "2524"]

1.c4 g6 2.d4 Nf6 3.Nc3 d5 4.cxd5 Nxd5 5.e4 Nxc3 6.bxc3 Bg7 7.Bb5+ c6 8.Ba4 O-O
9.Ne2 e5 10.O-O Qe7 11.Bc2 Rd8 12.Rb1 Nd7 13.Be3 Nb6 14.Qd3 Be6 15.Bb3 Rd7
16.f4 exd4 17.cxd4 Re8 18.Ng3 c5 19.Qb5 Bxb3 20.Rxb3 Bxd4 21.Bxd4 Rxd4 22.e5 Red8
23.Ra3 Rb4 24.Qe2 Nc4 25.Rd3 Rxd3 26.Qxd3 Nb6 27.Ne4 Rd4 28.Nf6+ Kg7 29.Qh3 h5
30.g4 Nd7 31.g5 Nf8 32.Qe3 Nd7 33.Ne4 Qe6 34.Nxc5 Qg4+ 35.Kh1 Rd1 36.Rxd1 Qxd1+
37.Kg2 Qc2+ 38.Kh1  0-1

[Event "ch-Moscow Final 2012"]
[Site "Moscow RUS"]
[Date "2012.03.15"]
[Round "6"]
[White "Krylov,M RUS"]
[Black "Aldokhin,I"]
[Result "0-1"]
[WhiteElo "2503"]
[BlackElo "2375"]

1.d4 Nf6 2.c4 g6 3.Nc3 d5 4.cxd5 Nxd5 5.e4 Nxc3 6.bxc3 Bg7 7.Bc4 c5 8.Ne2 O-O
9.O-O Nc6 10.Be3 Bd7 11.Qd2 Qc7 12.Rac1 Rac8 13.Bh6 cxd4 14.cxd4 Qa5 15.Qe3 b5
16.Bd5 Qb6 17.Bxc6 Rxc6 18.Rxc6 Bxc6 19.d5 Bxh6 20.Qxh6 Bd7 21.Qg5 Qd6 22.Qe3 a5
23.Rc1 Rc8 24.Rxc8+ Bxc8 25.Qc3 Bg4 26.f3 b4 27.Qd4 Bd7 28.Qa7 a4 29.Nd4 e6
30.Kf2 exd5 31.Qa8+ Kg7 32.Qxd5 Qxd5 33.exd5 Kf6 34.Ke3 Ke5 35.Nc6+ Bxc6
36.dxc6 Kd6 37.Kd3 Kxc6 38.Kc4 b3 39.axb3 a3 40.Kc3 Kb5 41.h4 f5 42.f4 h5
43.g3 Ka5  0-1

[Event "ch-CZE U20 2012"]
[Site "Kouty nad Desnou CZE"]
[Date "2012.03.16"]
[Round "10"]
[White "Krejci,Jan2"]
[Black "Plat,V"]
[Result "1/2-1/2"]
[WhiteElo "2486"]
[BlackElo "2436"]

1.d4 Nf6 2.c4 g6 3.Nc3 d5 4.cxd5 Nxd5 5.e4 Nxc3 6.bxc3 Bg7 7.Nf3 c5 8.Rb1 O-O
9.Be2 Qc7 10.O-O Nc6 11.d5 Ne5 12.c4 f5 13.Bb2 fxe4 14.Nxe5 Bxe5 15.Bxe5 Qxe5
16.Rb3 e6  1/2-1/2

[Event "TCh-CAT 2012"]
[Site "Catalunya ESP"]
[Date "2012.03.17"]
[Round "8.10"]
[White "Esparbe Grau,J"]
[Black "Subirats Ruiz,S"]
[Result "0-1"]
[WhiteElo "1855"]
[BlackElo "2160"]

1.d4 Nf6 2.c4 g6 3.Nc3 d5 4.cxd5 Nxd5 5.e4 Nxc3 6.bxc3 Bg7 7.Bc4 c5 8.Ne2 O-O
9.O-O Nc6 10.Be3 Qc7 11.Rc1 Rd8 12.Qd2 Qa5 13.Rfd1 Ne5 14.Bd5 Ng4 15.Bg5 Nf6
16.Bxf6 Bxf6 17.Qf4 Rf8 18.dxc5 Qxc5 19.Rb1 Bd7 20.Rxb7 Ba4 21.Rc7 Qb6 22.Rb7 Qa6
23.Rd2 Rad8 24.Rbb2 Bb5 25.Nd4 e5 26.Qf3 exd4 27.cxd4 Rc8 28.h3 Rc1+ 29.Kh2 Bg7
30.e5 Bc4 31.Bb7 Qa5 32.a3 Rd8 33.Qe4 Qxa3 34.d5 Qc5 35.Rbc2 Rxc2 36.Rxc2 Qe7
37.e6 fxe6 38.dxe6 Bd3  0-1

[Event "TCh-CAT 2012"]
[Site "Catalunya ESP"]
[Date "2012.03.17"]
[Round "8.8"]
[White "Guasch Sariol,J"]
[Black "Serra Pages,J"]
[Result "1/2-1/2"]
[WhiteElo "2122"]
[BlackElo "2256"]

1.d4 Nf6 2.c4 g6 3.Nc3 d5 4.cxd5 Nxd5 5.e4 Nxc3 6.bxc3 Bg7 7.Bc4 O-O 8.Ne2 c5
9.O-O Nc6 10.Be3 cxd4 11.cxd4 Na5 12.Bd3 b6 13.Rc1 Bd7 14.Qd2 Re8 15.Bg5 Qb8
16.d5 Qd6 17.Bf4 e5 18.Bg3 f5 19.f3 f4 20.Bf2 Bf8 21.Ba6 Bc8 22.Bb5 Re7 23.Bc5 bxc5
24.Qxa5 Bd7 25.Nc3 Rb8 26.Rb1 Bxb5 27.Rxb5 Rxb5 28.Qxb5 c4 29.Rb1 Rc7 30.Qe8 Qc5+
31.Kh1 Re7 32.Qb5 Qd4 33.d6 Rf7 34.d7 Rxd7 35.Nd5 Rf7 36.Rc1 Ba3 37.Rb1 c3
38.Qb3 Bb2 39.Rd1 Qc5 40.Qb8+ Qf8 41.Qb3 Qc5 42.Qb8+ Qf8 43.Qb3 Qc5  1/2-1/2

[Event "Nis Open 2012"]
[Site "Nis SRB"]
[Date "2012.03.17"]
[Round "7"]
[White "Miljkovic,Mih"]
[Black "Lepojevic,N"]
[Result "1-0"]
[WhiteElo "2274"]
[BlackElo "2055"]

1.d4 Nf6 2.c4 g6 3.Nc3 d5 4.cxd5 Nxd5 5.e4 Nxc3 6.bxc3 Bg7 7.Bc4 c5 8.Ne2 O-O
9.O-O Nc6 10.Be3 Bg4 11.f3 Na5 12.Bd3 cxd4 13.cxd4 Be6 14.Rc1 Rc8 15.Qa4 b6
16.Ba6 Rxc1 17.Rxc1 Bd7 18.Qb4 Re8 19.d5 Qb8 20.Bf4 Be5 21.Bxe5 Qxe5 22.Qc3 Qb8
23.Qc7 Ba4 24.Qxb8 Rxb8 25.Rc7 Kf8 26.Rxa7 h6 27.Kf2 Rd8 28.Nc3 Be8 29.Ke3 g5
30.g3 f6 31.h4 Bd7 32.f4 gxh4 33.gxh4 Ke8 34.f5 Bc8 35.Bd3 Bd7 36.Ne2 Rc8
37.Nd4 Nc4+ 38.Bxc4 Rxc4 39.Ne6 Ra4 40.Rb7 Bxe6 41.fxe6 Kf8 42.Rb8+ Kg7 43.d6  1-0

[Event "ch-VIE Women 2012"]
[Site "Can Tho VIE"]
[Date "2012.03.20"]
[Round "3"]
[White "Ton,N"]
[Black "Le Thi Phuong Lien"]
[Result "1-0"]
[WhiteElo "1987"]
[BlackElo "2169"]

1.d4 d5 2.c4 Nf6 3.Nc3 g6 4.cxd5 Nxd5 5.e4 Nxc3 6.bxc3 Bg7 7.Nf3 O-O 8.Qb3 c5
9.Be3 Qc7 10.h3 Nc6 11.Rc1 Na5 12.Qb5 c4 13.d5 b6 14.Be2 e6 15.O-O exd5 16.exd5 Bd7
17.Qb4 Rac8 18.Rfd1 Rfe8 19.d6 Qb8 20.Nd4 Be5 21.Nf3 Bg7 22.Rd2 Nc6 23.Qxc4 Nd4
24.Qb4 Nxe2+ 25.Rxe2 Rc6 26.Rd2 Rec8 27.c4 a5 28.Qb3 Be6 29.d7 Rd8 30.Qb5 Qc7
31.Rcd1 Bxc4 32.Qb1 Be6 33.Qe4 Bc3 34.Bf4 Qb7 35.Ne5 Rc7 36.Qxb7 Rxb7 37.Bg5 Bxd7
38.Bxd8 Bxd2 39.Rxd2 Be6 40.Bf6 Rb8 41.a3 h5 42.Nc6 Ra8 43.Rb2 Kh7 44.Rxb6 Bd5
45.Nb8 a4 46.Rd6  1-0

[Event "13th EICC"]
[Site "Plovdiv BUL"]
[Date "2012.03.22"]
[Round "3.12"]
[White "Lenic,L"]
[Black "Gabrielian,A"]
[Result "1-0"]
[WhiteElo "2637"]
[BlackElo "2554"]

1.d4 Nf6 2.c4 g6 3.Nc3 d5 4.cxd5 Nxd5 5.e4 Nxc3 6.bxc3 Bg7 7.Qa4+ Nd7 8.Nf3 O-O
9.Be3 c5 10.Rc1 e6 11.Be2 a6 12.Qa3 b6 13.Qb3 cxd4 14.cxd4 Bb7 15.Bg5 Bf6
16.Bh6 Bg7 17.Bg5 Qb8 18.Qe3 Rc8 19.O-O Qd6 20.h4 Bf8 21.Bc4 Qb4 22.Bb3 a5
23.a4 b5 24.axb5 a4 25.Ba2 Qxb5 26.d5 e5 27.Bh6 Rxc1 28.Rxc1 Bc5 29.Qd2 Bd6
30.Rc6 Nf6 31.Ng5 Rd8 32.Qd1 Bxc6 33.dxc6 Be7 34.Bxf7+ Kh8 35.Bd5 Nxd5 36.Nf7+ Kg8
37.Nxd8 Bxd8 38.exd5 a3 39.d6 Qxc6 40.Qb3+  1-0

[Event "13th EICC"]
[Site "Plovdiv BUL"]
[Date "2012.03.22"]
[Round "3.57"]
[White "Kanter,E"]
[Black "Lupulescu,C"]
[Result "0-1"]
[WhiteElo "2394"]
[BlackElo "2616"]

1.d4 Nf6 2.c4 g6 3.Nc3 d5 4.cxd5 Nxd5 5.e4 Nxc3 6.bxc3 Bg7 7.Nf3 c5 8.Bb5+ Nc6
9.O-O O-O 10.Be3 Bg4 11.d5 Ne5 12.Be2 Nxf3+ 13.Bxf3 Bxf3 14.Qxf3 Qa5 15.Bd2 Qa6
16.Rfe1 Rad8 17.Bg5 Rd7 18.e5 Qc4 19.Rad1 h6 20.Bxh6 Bxh6 21.Qh3 Rxd5 22.Rxd5 Qxd5
23.Qxh6 Rd8 24.h4 e6 25.Re3 Qxa2 26.Rf3 Qd2 27.Re3 Rd3 28.Qg5 Rxe3 29.fxe3 Qd1+
30.Kh2 Qh5 31.Qf6 Qf5 32.Qd8+ Kg7 33.Qc7 b6 34.g3 Qc2+ 35.Kh3 Qxc3 36.Qxa7 b5
37.Qb7 Qxe5 38.Qxb5 Qxe3  0-1

[Event "13th EICC"]
[Site "Plovdiv BUL"]
[Date "2012.03.22"]
[Round "3.81"]
[White "Khenkin,I"]
[Black "Nedilko,V"]
[Result "1-0"]
[WhiteElo "2632"]
[BlackElo "2392"]

1.d4 Nf6 2.c4 g6 3.Nc3 d5 4.cxd5 Nxd5 5.e4 Nxc3 6.bxc3 Bg7 7.Nf3 c5 8.Be3 Qa5
9.Qd2 Nc6 10.Rb1 a6 11.Rc1 Bg4 12.d5 Rd8 13.Be2 O-O 14.O-O e6 15.Rfd1 exd5
16.exd5 Bxf3 17.Bxf3 Ne5 18.c4 Nxf3+ 19.gxf3 Qa3 20.Rb1 Rd7 21.Rb3 Qa4 22.Bxc5 Rc8
23.Rb4 Qa3 24.Be3 Bc3 25.Rb3 Bxd2 26.Rxa3 Bxe3 27.fxe3 Rxc4 28.e4 Kg7 29.Kf2 Kf6
30.h4 Rc2+ 31.Ke3 Rh2 32.Rb1 Rxh4 33.Rb6+ Ke7 34.Rab3 Rh2 35.a3 Ra2 36.Kf4 f6
37.Rxb7 h5 38.Rxd7+ Kxd7 39.Rb7+ Ke8 40.Rb6 Ke7 41.Re6+ Kf7 42.Rxa6  1-0

[Event "13th EICC"]
[Site "Plovdiv BUL"]
[Date "2012.03.23"]
[Round "4.53"]
[White "Drenchev,P"]
[Black "Erdos,V"]
[Result "1/2-1/2"]
[WhiteElo "2499"]
[BlackElo "2631"]

1.d4 Nf6 2.c4 g6 3.Nc3 d5 4.cxd5 Nxd5 5.e4 Nxc3 6.bxc3 Bg7 7.Bc4 c5 8.Ne2 O-O
9.O-O Nc6 10.Be3 Bg4 11.f3 Bd7 12.Qd2 Qa5 13.Rfd1 Rac8 14.Rac1 cxd4 15.cxd4 Qxd2
16.Rxd2 Na5 17.Bd3 Rxc1+ 18.Nxc1 Rc8 19.Rc2 Rxc2 20.Bxc2 Nc4 21.Bf2 e6 22.Nb3 b6
23.Bd3 Nb2 24.Be2 f5 25.Be1 Bc6 26.Bc3 Na4 27.Ba1 Kf7 28.Kf2 Bf8 29.Ke3 Bh6+
30.Kf2 Bf8 31.Ke3 Bh6+ 32.Kf2 Bf8  1/2-1/2

[Event "13th EICC"]
[Site "Plovdiv BUL"]
[Date "2012.03.23"]
[Round "4.25"]
[White "Matlakov,M"]
[Black "Dvirnyy,D"]
[Result "1-0"]
[WhiteElo "2632"]
[BlackElo "2507"]

1.d4 Nf6 2.c4 g6 3.Nc3 d5 4.cxd5 Nxd5 5.e4 Nxc3 6.bxc3 Bg7 7.Be3 c5 8.Rc1 Qa5
9.Qd2 Nc6 10.d5 Ne5 11.h3 e6 12.f4 Nd7 13.dxe6 fxe6 14.e5 O-O 15.Nf3 Nb6
16.c4 Qxd2+ 17.Nxd2 Bd7 18.Bd3 Na4 19.h4 Rad8 20.Be4 Be8 21.g3 b6 22.Nf3 Nb2
23.Ke2 Ba4 24.h5 gxh5 25.Ng5 Rfe8 26.Bxh7+ Kf8 27.Bg6 Re7 28.Bxh5 Rd3 29.Bg4 Ra3
30.Nxe6+ Ke8 31.Rh7  1-0

[Event "13th EICC"]
[Site "Plovdiv BUL"]
[Date "2012.03.24"]
[Round "5.135"]
[White "Kigel,D"]
[Black "Neubauer,M"]
[Result "0-1"]
[WhiteElo "2235"]
[BlackElo "2413"]

1.d4 Nf6 2.c4 g6 3.Nc3 d5 4.cxd5 Nxd5 5.e4 Nxc3 6.bxc3 Bg7 7.Nf3 c5 8.Rb1 O-O
9.Be2 Nc6 10.d5 Ne5 11.Nxe5 Bxe5 12.Qd2 e6 13.f4 Bc7 14.O-O exd5 15.exd5 Ba5
16.Ba3 b6 17.Rbd1 Qf6 18.Bb2 Bf5 19.Bb5 c4 20.Bxc4 b5 21.Bb3 Rac8 22.d6 Bxc3
23.Bxc3 Rxc3 24.Qd5 a6 25.Qe5 Kg7 26.Rfe1 Rd8 27.h3 h5 28.Qxf6+ Kxf6 29.Re7 Rd7
30.Rde1 Rd3 31.Rxd7 Bxd7 32.Bxf7 Rxd6 33.Bb3 a5 34.Re2 Rd4 35.Kf2 Rxf4+ 36.Ke3 Rb4
37.Rf2+ Bf5 38.Bd1 Kg5 39.Rd2 Re4+ 40.Kf3 Re5 41.Bc2 b4 42.Bb3 Be4+ 43.Kf2 Rc5
44.h4+ Kf4 45.Rd7 Bc2 46.Bg8 Bf5 47.g3+ Kg4 48.Rd4+ Kh3 49.Bb3 Rc3 50.Rd5 Rxg3
51.Rxa5 Kxh4 52.Ra4 Rg4 53.a3 bxa3 54.Rxa3 Rb4 55.Bd5 Rb2+ 56.Kg1 Rd2 57.Bf7 Rd3
58.Ra6 Kg3 59.Ra1 h4 60.Bc4 Rc3 61.Bd5 Bg4 62.Be4 g5 63.Rb1 Re3 64.Bg2 h3
65.Bc6 Rd3  0-1

[Event "13th EICC"]
[Site "Plovdiv BUL"]
[Date "2012.03.25"]
[Round "6.30"]
[White "Timofeev,Arty"]
[Black "Bosiocic,Mari"]
[Result "1-0"]
[WhiteElo "2650"]
[BlackElo "2562"]

1.d4 Nf6 2.c4 g6 3.Nc3 d5 4.cxd5 Nxd5 5.e4 Nxc3 6.bxc3 Bg7 7.Bc4 c5 8.Ne2 O-O
9.O-O Qa5 10.Rb1 Nd7 11.Qb3 Nb6 12.Bb5 cxd4 13.cxd4 Bd7 14.Bxd7 Nxd7 15.Be3 Nb6
16.Rfc1 Rfc8 17.Rc5 Qa6 18.Nc3 Rc6 19.g3 Qd3 20.Rd1 Qa6 21.Rb1 Qd3 22.Rd1 Qa6
23.Nb5 Rac8 24.Rdc1 Nd7 25.R5c4 Rxc4 26.Rxc4 Rxc4 27.Qxc4 h5 28.Kg2 b6 29.Qc6 Nf6
30.Bg5 Qxa2 31.Bxf6 Bxf6 32.h4 a6 33.Qa8+ Kh7 34.e5 Bg7 35.Nc3 Qc4 36.Ne4 Bh6
37.Qd8 Qc6 38.Kf3 Qe6 39.Kg2 Qc6 40.Kf3 Qb7 41.d5 a5 42.d6 e6 43.Qe7 Qd5
44.Qxf7+ Bg7 45.d7 Qd3+ 46.Kf4 Qd4 47.d8=Q Qxd8 48.Ng5+ Kh6 49.Qxg7+  1-0

[Event "ch-CHN w 2012"]
[Site "Xinghua CHN"]
[Date "2012.03.27"]
[Round "1"]
[White "Wang Xiaohui"]
[Black "Ding Yixin"]
[Result "1/2-1/2"]
[WhiteElo "2209"]
[BlackElo "2350"]

1.d4 Nf6 2.c4 g6 3.Nc3 d5 4.cxd5 Nxd5 5.e4 Nxc3 6.bxc3 Bg7 7.Be3 c5 8.Qd2 Qa5
9.Rc1 Nc6 10.d5 Ne5 11.h3 b6 12.f4 Nd7 13.Nf3 Ba6 14.Bxa6 Qxa6 15.c4 O-O
16.O-O Rad8 17.e5 Rfe8 18.Qc2 e6 19.Bf2 b5 20.cxb5 Qxb5 21.dxe6 fxe6 22.Rfd1 Bh6
23.Qe4 c4 24.Rd4 Nb6 25.a4 Qxa4 26.Rxd8 Rxd8 27.Bxb6 axb6 28.Rxc4 Qa1+ 29.Kh2 b5
30.Rc6 Qa4 31.Qxa4 bxa4 32.Ra6 Bxf4+ 33.g3 Be3  1/2-1/2

[Event "ch-SRB Women 2012"]
[Site "Kac SRB"]
[Date "2012.03.29"]
[Round "8"]
[White "Panic,A"]
[Black "Manakova,M"]
[Result "0-1"]
[WhiteElo "1966"]
[BlackElo "2315"]

1.d4 Nf6 2.c4 g6 3.Nc3 d5 4.cxd5 Nxd5 5.e4 Nxc3 6.bxc3 Bg7 7.Bc4 c5 8.Ne2 O-O
9.O-O Nc6 10.Be3 Bg4 11.f3 Na5 12.Bd3 Bd7 13.Rb1 Rc8 14.Qd2 Ba4 15.Rfc1 Qd7
16.d5 Rfd8 17.c4 b6 18.Bh6 Bh8 19.h4 Nc6 20.Qg5 Nb4 21.Rxb4 cxb4 22.h5 Qd6
23.f4 Qc5+ 24.Kh2 Qe3 25.hxg6 hxg6 26.Rh1 Qxd3 27.Ng3 Bf6 28.Qg4 Rxc4 29.f5 Be5  0-1

[Event "13th EICC"]
[Site "Plovdiv BUL"]
[Date "2012.03.29"]
[Round "9.10"]
[White "Khenkin,I"]
[Black "Vachier Lagrave,M"]
[Result "1/2-1/2"]
[WhiteElo "2632"]
[BlackElo "2682"]

1.d4 Nf6 2.c4 g6 3.Nc3 d5 4.cxd5 Nxd5 5.e4 Nxc3 6.bxc3 Bg7 7.Nf3 c5 8.Be3 Bg4
9.Rc1 O-O 10.Be2 Qa5 11.Qd2 e6 12.d5 exd5 13.exd5 Nd7 14.c4 Qxd2+ 15.Nxd2 Bxe2
16.Kxe2 Rae8 17.Kd3 f5 18.f4 g5 19.Rhe1 g4 20.Bf2 Kf7 21.a4 a5 22.Nb3 b6
23.Rxe8 Rxe8 24.Re1 Bh6 25.Rxe8 Kxe8 26.Be3 Nf6 27.Nd2 Nh5 28.g3 Nf6 29.Nf1 Bg7
30.Bd2 Ne4 31.Ne3 Nd6 32.Bc3 Bxc3 33.Kxc3 Ke7 34.Kd3 Kf6 35.Nd1 Ne4 36.Nc3 Nxc3
37.Kxc3 h5 38.Kd3 Ke7 39.Ke3 Kd6 40.Kd3 Ke7  1/2-1/2

[Event "13th EICC"]
[Site "Plovdiv BUL"]
[Date "2012.03.30"]
[Round "10.42"]
[White "Hracek,Z"]
[Black "Bosiocic,Mari"]
[Result "1-0"]
[WhiteElo "2627"]
[BlackElo "2562"]

1.d4 Nf6 2.c4 g6 3.Nc3 d5 4.cxd5 Nxd5 5.e4 Nxc3 6.bxc3 Bg7 7.Be3 c5 8.Qd2 Qa5
9.Rc1 cxd4 10.cxd4 Qxd2+ 11.Bxd2 O-O 12.Nf3 Bg4 13.Be3 Nd7 14.Bc4 Nb6 15.Bb3 Rac8
16.O-O Rxc1 17.Rxc1 Rc8 18.Rxc8+ Bxc8 19.Ng5 e6 20.d5 exd5 21.Bxb6 axb6 22.Bxd5 Kf8
23.Nxf7 Ke7 24.f4 Bd4+ 25.Kf1 Be3 26.g3 Bd7 27.Ke2 Bc5 28.Ng5 Bg4+ 29.Kf1 h6
30.Nf7 Bh3+ 31.Ke1 h5 32.Ng5 Bg2 33.h4 b5 34.Bxb7 b4 35.Bd5 Bb6 36.Bc4 Bd4
37.Be2 Bf6 38.Kf2 Bxg5 39.Kxg2 Bh6 40.Kf3 Bf8 41.g4 hxg4+ 42.Kxg4 Bh6 43.e5 Ke6
44.Kf3  1-0

[Event "13th EICC"]
[Site "Plovdiv BUL"]
[Date "2012.03.30"]
[Round "10.18"]
[White "Korobov,A"]
[Black "Vuckovic,Bo"]
[Result "1-0"]
[WhiteElo "2679"]
[BlackElo "2628"]

1.d4 Nf6 2.c4 g6 3.Nc3 d5 4.cxd5 Nxd5 5.e4 Nxc3 6.bxc3 Bg7 7.Bc4 c5 8.Ne2 Nc6
9.Be3 O-O 10.O-O Na5 11.Bd3 b6 12.Qd2 e5 13.Bh6 cxd4 14.cxd4 exd4 15.Bxg7 Kxg7
16.f4 f6 17.f5 Nc6 18.Bb5 Ne5 19.Nxd4 gxf5 20.exf5 Kh8 21.Ba4 Rg8 22.Bb3 Rg4
23.Rf4 Bxf5 24.Rxf5 Rxd4 25.Qe2 Qe7 26.Raf1 Rd6 27.Qf2 Rf8 28.h3 Ng6 29.Kh1 Qd7
30.Rh5 Rd2 31.Qg3 Qd3 32.Rf3 Qb1+ 33.Kh2 Qe4 34.Rff5 Kg7 35.Bd5 Qe7 36.Rf4 Qd6
37.Rxh7+ Kxh7 38.Rh4+ Nxh4 39.Qxd6 Rxd5 40.Qxf8  1-0

[Event "13th EICC"]
[Site "Plovdiv BUL"]
[Date "2012.03.30"]
[Round "10.110"]
[White "Pavlidis,Ana"]
[Black "Baron,Ta"]
[Result "1/2-1/2"]
[WhiteElo "2363"]
[BlackElo "2497"]

1.d4 Nf6 2.c4 g6 3.Nc3 d5 4.cxd5 Nxd5 5.e4 Nxc3 6.bxc3 Bg7 7.Nf3 c5 8.Rb1 O-O
9.Be2 b6 10.O-O Bb7 11.Qd3 e6 12.Bg5 Qc7 13.Qe3 Nd7 14.e5 Rae8 15.Bb5 Bc6
16.a4 f6 17.exf6 Nxf6 18.Bxf6 Bxf6 19.dxc5 bxc5 20.Qxc5 Rc8 21.Bxc6 Qxc6
22.Qxa7 Rf7 23.Qe3 Qxa4 24.Qxe6 Qc6 25.Qxc6 Rxc6 26.Rb8+ Kg7 27.Nd4 Rxc3
28.Ne6+ Kh6 29.Rb4 Rc2 30.Re4 Re7 31.Rfe1 Ra7 32.Kf1 g5 33.g4 Raa2 34.R4e2 Kg6
35.Nc5 h5 36.h3 hxg4 37.hxg4 Rab2 38.Nd3 Rxe2 39.Rxe2 Rb5 40.Kg2 Rd5 41.Re3 Kf7
42.Ne1 Rd4 43.Kh3 Rd1 44.Nf3 Kg6 45.Kg2 Rd5 46.Ng1 Rd4 47.Kg3 Rd5 48.Nh3 Rc5
49.Re6 Rc3+ 50.Kg2 Rc4 51.Kf3  1/2-1/2

[Event "13th EICC"]
[Site "Plovdiv BUL"]
[Date "2012.03.30"]
[Round "10.140"]
[White "Mindlin,A"]
[Black "Laurusas,T"]
[Result "1/2-1/2"]
[WhiteElo "2186"]
[BlackElo "2360"]

1.d4 Nf6 2.c4 g6 3.Nc3 d5 4.cxd5 Nxd5 5.e4 Nxc3 6.bxc3 Bg7 7.Bc4 c5 8.Ne2 O-O
9.O-O Nc6 10.Be3 Bd7 11.d5 Na5 12.Bd3 b6 13.Qd2 e6 14.Bh6 exd5 15.Bxg7 Kxg7
16.exd5 Nb7 17.Ng3 Qh4 18.f4 f5 19.Rae1 Rae8 20.Re5 Re7 21.Qe1 Kf7 22.Ba6 Rxe5
23.fxe5 Nd8 24.e6+ Nxe6 25.dxe6+ Bxe6 26.Qe5 Qf6 27.Qe3 Kg8 28.Ne2 Bf7 29.Rd1 Re8
30.Qf3 Qe6 31.Bb5 Re7 32.Qf4 Kg7 33.Rd2 h6 34.h4 Be8 35.Bxe8 Rxe8 36.Kh2 Re7
37.Ng3 Qe3 38.Qxe3 Rxe3 39.Rd7+ Kf6 40.Rxa7 f4 41.Nf1 Rxc3 42.Ra6 Rc2 43.Rxb6+ Kf5
44.Ra6 c4 45.Kg1 c3 46.Rc6 Rc1 47.Rc4 g5 48.a4 Ke5 49.hxg5 hxg5 50.Kf2 Kd5
51.Rc8 Kd4 52.Nh2 Rc2+ 53.Kf1 Ra2 54.Nf3+ Kd3 55.Ne1+ Kd2 56.Rd8+ Kc1 57.Rd5 g4
58.Nd3+ Kb1 59.Rb5+ Ka1 60.a5 Rd2 61.Ne1 Rd1 62.Ke2 Rd2+ 63.Kf1 Rd1 64.Rc5 Kb2
65.a6 Ra1 66.Rc6 Kb3 67.Ke2 Ra2+ 68.Kd3 Rd2+ 69.Ke4 Re2+ 70.Kd4 Rxe1 71.Rxc3+ Kb4
72.Rc7 Kb5 73.a7 Ra1 74.Ke4  1/2-1/2

[Event "TCh-NED Meesterklasse 2011-12"]
[Site "Netherlands NED"]
[Date "2012.03.31"]
[Round "8.2"]
[White "Werle,J"]
[Black "Bok,B"]
[Result "1/2-1/2"]
[WhiteElo "2544"]
[BlackElo "2488"]

1.d4 Nf6 2.c4 g6 3.Nc3 d5 4.cxd5 Nxd5 5.e4 Nxc3 6.bxc3 Bg7 7.Bc4 c5 8.Ne2 Nc6
9.Be3 O-O 10.O-O Na5 11.Bd3 b6 12.Qd2 e5 13.Bg5 Qd6 14.d5 f5 15.exf5 gxf5
16.Bc2 Nc4 17.Qd3 Na3 18.c4 Nxc2 19.Qxc2 f4 20.f3 Rf5 21.Bh4 Rh5 22.g3 Bf5
23.Qd2 Bh3 24.Kh1 Bxf1 25.Rxf1 Rf8 26.Nc3 fxg3 27.Bxg3 Qg6 28.Ne4 Rxf3 29.Rxf3 Qxe4
30.Qd3 Qxd3 31.Rxd3 Kf7 32.Ra3 a5 33.Rb3 Rh6 34.Re3 Rg6 35.Bxe5 Bxe5 36.Rxe5 Rg4
37.Re6 Rxc4 38.Rxb6 Rc2 39.a4 c4 40.Rc6 c3 41.Kg1 Ke7 42.h3 h5 43.Kf1 Kd7
44.Kg1 Ra2 45.Rxc3 Rxa4 46.Rc5 Kd6 47.Rb5 Ra2 48.Kf1 Kc7 49.d6+ Kxd6 50.Rxh5 Kc6
51.Ke1 Kb6 52.Kd1 Rb2 53.Kc1 Rb3  1/2-1/2

[Event "13th EICC"]
[Site "Plovdiv BUL"]
[Date "2012.03.31"]
[Round "11.136"]
[White "Kanter,E"]
[Black "Pop,A"]
[Result "1/2-1/2"]
[WhiteElo "2394"]
[BlackElo "2272"]

1.d4 Nf6 2.c4 g6 3.Nc3 d5 4.cxd5 Nxd5 5.e4 Nxc3 6.bxc3 Bg7 7.Bg5 c5 8.Rc1 h6
9.Be3 Qa5 10.Qd2 cxd4 11.cxd4 Qxd2+ 12.Kxd2 O-O 13.Bb5 Rd8 14.Ne2 Nc6 15.Bxc6 bxc6
16.Rxc6 Bb7 17.Rc7 Bxe4 18.f3 Bd5 19.Rxe7 Bxa2 20.Ra1 Bc4 21.Raxa7 Rxa7 22.Rxa7 Bxe2
23.Kxe2 Bxd4 24.Bxd4 Rxd4 25.Kf2 Kg7 26.Kg3 h5 27.h4 Rc4 28.Rb7 Ra4 29.Rc7 Rb4
30.Rc6 Ra4 31.Rb6 Rc4 32.Ra6 Rb4 33.Rc6 Ra4 34.Rd6 Rb4 35.Rd1 Ra4 36.Rb1 Rc4
37.Rb8 Ra4 38.Rb7 Rc4 39.Ra7 Rb4 40.Rc7 Ra4  1/2-1/2

[Event "European Senior Teams 2012"]
[Site "Rogaska Slatina SLO"]
[Date "2012.03.31"]
[Round "5.14"]
[White "Svensson,Soren"]
[Black "Escher,H"]
[Result "0-1"]
[WhiteElo "2062"]
[BlackElo "2120"]

1.d4 Nf6 2.c4 g6 3.Nc3 d5 4.cxd5 Nxd5 5.e4 Nxc3 6.bxc3 Bg7 7.Bc4 O-O 8.Ne2 c5
9.O-O Nc6 10.Be3 cxd4 11.cxd4 Na5 12.Bd3 b6 13.Rc1 Bb7 14.Qd2 Qd7 15.h4 Rac8
16.h5 Rxc1 17.Rxc1 Rc8 18.h6 Bf8 19.d5 Rxc1+ 20.Qxc1 e6 21.Qc3 exd5 22.Bc1 Qc6
23.Qe5 Qd6 24.Qc3 f6 25.Bf4 Qc6 26.exd5 Qxd5 27.f3 Qc5+ 28.Kf1 Qxc3 29.Nxc3 g5
30.Bb8 Nc6 31.Bc4+ Kh8 32.Bd5  0-1

[Event "28th Budapest Spring Festival"]
[Site "Budapest HUN"]
[Date "2012.04.01"]
[Round "7.4"]
[White "Csonka,B"]
[Black "Kormos,Ad"]
[Result "1/2-1/2"]
[WhiteElo "2299"]
[BlackElo "2194"]

1.d4 Nf6 2.c4 g6 3.Nc3 d5 4.cxd5 Nxd5 5.e4 Nxc3 6.bxc3 Bg7 7.Bc4 c5 8.Ne2 O-O
9.O-O Nc6 10.Be3 Bg4 11.f3 Na5 12.Bd3 cxd4 13.cxd4 Be6 14.Qd2 Bc4 15.Rab1 e6
16.Bxc4 Nxc4 17.Qd3 Nxe3 18.Qxe3  1/2-1/2

[Event "Final 4 of College Chess 2012"]
[Site "Herndon USA"]
[Date "2012.04.01"]
[Round "3"]
[White "Sadorra,J"]
[Black "Bykhovsky,An ISR"]
[Result "1/2-1/2"]
[WhiteElo "2525"]
[BlackElo "2532"]

1.d4 Nf6 2.c4 g6 3.Nc3 d5 4.cxd5 Nxd5 5.e4 Nxc3 6.bxc3 Bg7 7.Nf3 O-O 8.h3 c5
9.Be3 Qa5 10.Bd2 e6 11.Be2 Qc7 12.O-O b6 13.Rc1 Bb7 14.Bd3 Nd7 15.Qe2 Rac8
16.h4 Nf6 17.e5 Nd5 18.h5 Qe7 19.Ng5 cxd4 20.cxd4 Nb4 21.Bxb4 Qxb4 22.Nxh7 Kxh7
23.hxg6+ Kg8 24.Qh5 Rfd8 25.gxf7+ Kf8 26.Qh7 Kxf7 27.Qg6+ Kf8 28.Qxe6 Qxd4
29.Qf5+ Ke7 30.Qg5+ Kf8 31.Qf5+ Ke7 32.Qg5+ Kf8  1/2-1/2

[Event "Pobeskydi Open 2012"]
[Site "Frydek Mistek CZE"]
[Date "2012.04.05"]
[Round "1"]
[White "Klecker,T"]
[Black "Paukert,J"]
[Result "1-0"]
[WhiteElo "2201"]
[BlackElo "1902"]

1.d4 Nf6 2.c4 g6 3.Nc3 d5 4.cxd5 Nxd5 5.e4 Nxc3 6.bxc3 Bg7 7.Rb1 O-O 8.Nf3 c5
9.Be2 Nc6 10.d5 Bxc3+ 11.Bd2 Bxd2+ 12.Qxd2 Na5 13.h4 Bg4 14.h5 gxh5 15.Ne5 Bxe2
16.Qxe2 Qd6 17.Qxh5 h6 18.Ng4 Qf4 19.Nxh6+ Kg7 20.Rh4  1-0